[Event "Bundesliga 2021-22"]
[Site "Viernheim GER"]
[Date "2022.05.14"]
[Round "7.8"]
[Board "6"]
[White "Smeets, Jan"]
[Black "Sarbok, Torsten"]
[Result "1-0"]
[WhiteTitle "GM"]
[BlackTitle "FM"]
[WhiteElo "2563"]
[BlackElo "2325"]
[WhiteTeam "SG Solingen"]
[BlackTeam "SK Koenig Tegel"]
[WhiteFideId "1007246"]
[BlackFideId "4630068"]
[EventDate "2022.03.05"]

1. e4 c5 2. Nf3 d6 3. Bb5+ Nd7 4. c3 a6 5. Ba4 Nf6 6. Bc2 e6 7. d4 Qc7 8. Qe2
Be7 9. O-O e5 10. a4 O-O 11. d5 Re8 12. a5 Nf8 13. Nbd2 Ng6 14. Nc4 Rb8 15. Nb6
Nh5 16. Nd2 Nhf4 17. Qd1 h6 18. Kh1 Nf8 19. Ndc4 Rd8 20. g3 N4g6 21. f4 exf4 22.
gxf4 Bf6 23. Rg1 Kh8 24. Qh5 Nh7 25. Bd2 Qe7 26. Rae1 Bh4 27. Re2 Nf6 28. Qf3
Nh7 29. e5 dxe5 30. Bxg6 fxg6 31. Nxe5 Nf8 32. Nxc8 Rbxc8 33. Nxg6+ Nxg6 34.
Rxe7 Nxe7 35. c4 Bf6 36. Qe4 Rc7 37. b4 Bd4 38. Rb1 Nc8 39. bxc5 Bxc5 40. Bc3
Bd6 41. Rg1 1-0

[Event "Bundesliga 2021-22"]
[Site "Viernheim GER"]
[Date "2022.05.14"]
[Round "7.8"]
[Board "7"]
[White "Rietze, Clemens"]
[Black "Handke, Florian"]
[Result "1/2-1/2"]
[WhiteTitle "FM"]
[BlackTitle "GM"]
[WhiteElo "2279"]
[BlackElo "2539"]
[WhiteTeam "SK Koenig Tegel"]
[BlackTeam "SG Solingen"]
[WhiteFideId "24620351"]
[BlackFideId "4634527"]
[EventDate "2022.03.05"]

1. d4 Nf6 2. c4 g6 3. f3 Nc6 4. d5 Ne5 5. e4 d6 6. Nc3 Bg7 7. f4 Ned7 8. Nh3 O-O
9. Be2 c6 10. Nf2 cxd5 11. cxd5 b5 12. Bxb5 Nc5 13. Qe2 Rb8 14. Bc4 Qa5 15. O-O
Nfd7 16. Ncd1 Qc7 17. Bd2 Nb6 18. Ba5 Nb7 19. Bxb6 Qxb6 20. Rc1 Bd7 21. b3 Rfc8
22. e5 Be8 23. Kh1 Na5 24. exd6 Qxd6 25. Ne4 Qa3 26. Ne3 Nxc4 27. Nxc4 Bb5 28.
Rc2 Bxc4 29. bxc4 Rb2 30. c5 1/2-1/2

[Event "Bundesliga 2021-22"]
[Site "Viernheim GER"]
[Date "2022.05.14"]
[Round "7.8"]
[Board "8"]
[White "Wegerle, Joerg"]
[Black "Dimitrijeski, Kristian"]
[Result "1/2-1/2"]
[WhiteTitle "IM"]
[BlackTitle "CM"]
[WhiteElo "2404"]
[BlackElo "2137"]
[WhiteTeam "SG Solingen"]
[BlackTeam "SK Koenig Tegel"]
[WhiteFideId "4644743"]
[BlackFideId "4627229"]
[EventDate "2022.03.05"]

1. c4 e6 2. Nf3 Nf6 3. b3 d5 4. Bb2 Be7 5. e3 O-O 6. Qc2 c5 7. a3 b6 8. Nc3 Bb7
9. cxd5 exd5 10. d4 Nbd7 11. Bd3 Rc8 12. dxc5 bxc5 13. O-O d4 14. Ne4 Bxe4 15.
Bxe4 dxe3 16. Bf5 exf2+ 17. Rxf2 g6 18. Bh3 Qc7 19. Re1 Rce8 20. Qc3 Bd8 21. Rd1
Ne5 22. Nxe5 Ne4 23. Qc4 Nxf2 24. Kxf2 Rxe5 25. Rd7 Qb8 26. Bxe5 Qxe5 27. Rxa7
Qb2+ 28. Kf1 Qa1+ 29. Kf2 Qb2+ 30. Kf1 Qa1+ 31. Kf2 Qb2+ 1/2-1/2

[Event "Bundesliga 2021-22"]
[Site "Deizisau GER"]
[Date "2022.05.15"]
[Round "8.1"]
[Board "1"]
[White "Vallejo Pons, Francisco"]
[Black "Braeuer, Franz"]
[Result "1/2-1/2"]
[WhiteTitle "GM"]
[BlackTitle "IM"]
[WhiteElo "2704"]
[BlackElo "2428"]
[WhiteTeam "OSG Baden-Baden"]
[BlackTeam "BCA Augsburg"]
[WhiteFideId "2205530"]
[BlackFideId "24634468"]
[EventDate "2022.03.05"]

1. Nf3 d5 2. g3 Nf6 3. Bg2 e6 4. O-O Be7 5. d3 c5 6. Nbd2 b5 7. e4 Bb7 8. Re1
Nc6 9. Qe2 b4 10. e5 Nd7 11. h4 h6 12. Nf1 Qc7 13. N1h2 O-O 14. Bf4 Rfc8 15. Ng4
Bf8 16. c4 bxc3 17. bxc3 Rab8 18. Qd2 Qd8 19. Rac1 Ba8 20. Red1 Rb6 21. Ne3 Rcb8
22. d4 Rb2 23. Rc2 Qb6 24. Rdc1 Rxc2 25. Rxc2 Qb1+ 26. Bf1 a5 27. a4 c4 28. Kh2
Ne7 29. Be2 Bc6 30. Ra2 Nf5 31. Bd1 Nxe3 32. Bxe3 Qd3 33. Bc2 Qxd2 34. Nxd2 h5
35. Bd1 g6 36. Kg1 Be7 37. Kf1 Kf8 38. Ke1 Ke8 39. Bc2 Nb6 40. Nf3 Kd7 41. Bc1
Ke8 42. Bf4 Kf8 43. Kd2 Kg7 44. Ra1 Nd7 45. Be3 Rb2 46. Kc1 Rb8 47. Ng5 Nf8 48.
f3 Nd7 49. Bf4 Nb6 50. Bd2 Nd7 51. Be3 Nb6 52. Nh3 Nd7 53. Nf4 Nf8 54. Bf2 Nd7
55. Bg1 Nf8 56. Be3 Nd7 57. Bf2 Rh8 58. Kd2 Nb6 59. Ng2 Nd7 60. Be3 Rb8 61. Bf2
Nb6 62. g4 Rh8 63. Rb1 Nd7 64. Rg1 Kf8 65. Bg3 Nb6 66. Rb1 Nd7 67. Rh1 Nb6 68.
Rb1 Nd7 1/2-1/2

[Event "Bundesliga 2021-22"]
[Site "Deizisau GER"]
[Date "2022.05.15"]
[Round "8.1"]
[Board "2"]
[White "Schmittdiel, Eckhard"]
[Black "Kasimdzhanov, Rustam"]
[Result "0-1"]
[WhiteTitle "GM"]
[BlackTitle "GM"]
[WhiteElo "2402"]
[BlackElo "2659"]
[WhiteTeam "BCA Augsburg"]
[BlackTeam "OSG Baden-Baden"]
[WhiteFideId "4600096"]
[BlackFideId "14200244"]
[EventDate "2022.03.05"]

1. e4 c6 2. c4 d5 3. exd5 cxd5 4. d4 Nf6 5. Nc3 e6 6. Nf3 Bb4 7. cxd5 Nxd5 8.
Bd2 O-O 9. Bd3 Nc6 10. O-O Nf6 11. Be3 Be7 12. a3 b6 13. Rc1 Bb7 14. Qe2 Rc8 15.
Rfd1 Na5 16. Ne5 Nd5 17. Nxd5 Qxd5 18. f3 Rxc1 19. Rxc1 Nb3 20. Rd1 Nxd4 21.
Bxh7+ Kxh7 22. Bxd4 Qb3 23. Rd3 Qa4 24. f4 Kg8 25. Qh5 Qc2 0-1

[Event "Bundesliga 2021-22"]
[Site "Deizisau GER"]
[Date "2022.05.15"]
[Round "8.1"]
[Board "3"]
[White "Donchenko, Alexander"]
[Black "Costa, Leonardo"]
[Result "1/2-1/2"]
[WhiteTitle "GM"]
[BlackTitle "FM"]
[WhiteElo "2636"]
[BlackElo "2320"]
[WhiteTeam "OSG Baden-Baden"]
[BlackTeam "BCA Augsburg"]
[WhiteFideId "24603295"]
[BlackFideId "16213955"]
[EventDate "2022.03.05"]

1. e4 c6 2. d4 d5 3. e5 Bf5 4. h4 h5 5. c4 e6 6. Nc3 Ne7 7. Nge2 dxc4 8. Ng3 Bg6
9. Bg5 Qb6 10. Qd2 Nd7 11. Bxc4 O-O-O 12. Rc1 Nxe5 13. Nce2 Nxc4 14. Rxc4 f6 15.
Be3 Nd5 16. O-O Bb4 17. Qd1 e5 18. Bc1 exd4 19. Nxd4 Bc5 20. Rxc5 Qxc5 21. Ne6
Qc4 22. Nxd8 Rxd8 23. Qf3 Qxh4 24. Nf5 Bxf5 25. Qxf5+ Kb8 26. Re1 Qg4 27. Qxg4
hxg4 28. Kh2 Kc8 29. Kg3 f5 30. Kh4 Nb4 31. Re7 Rd1 32. Bg5 g6 33. Re8+ Kc7 34.
Bf4+ Kb6 35. Kg5 Nd3 36. Be3+ c5 37. Re6+ Kb5 38. Rxg6 Nxb2 39. Kxf5 c4 40. Kxg4
c3 41. Rg7 b6 42. Rxa7 Nc4 43. Bh6 c2 44. Rc7 c1=Q 45. Bxc1 Rxc1 46. Kh5 Rc2 47.
Rf7 Rxa2 48. g4 Ra1 49. f4 Rh1+ 50. Kg6 Kc6 51. Rf6+ Nd6 52. g5 b5 53. f5 Rf1
54. Rf8 b4 55. Rb8 Nb7 56. Rc8+ Kb5 57. f6 b3 58. Rc3 Nc5 59. Rxb3+ Nxb3 60. Kh7
Nc5 61. g6 Nd7 62. f7 Nf8+ 63. Kg7 Ne6+ 64. Kg8 Rg1 65. Kh8 Rh1+ 66. Kg8 Rg1 67.
Kh8 Rh1+ 68. Kg8 Rg1 1/2-1/2

[Event "Bundesliga 2021-22"]
[Site "Deizisau GER"]
[Date "2022.05.15"]
[Round "8.1"]
[Board "4"]
[White "Kukov, Velislav"]
[Black "Naiditsch, Arkadij"]
[Result "1/2-1/2"]
[WhiteTitle "IM"]
[BlackTitle "GM"]
[WhiteElo "2337"]
[BlackElo "2648"]
[WhiteTeam "BCA Augsburg"]
[BlackTeam "OSG Baden-Baden"]
[WhiteFideId "2906139"]
[BlackFideId "4650891"]
[EventDate "2022.03.05"]

1. d4 Nf6 2. Bf4 g6 3. Nf3 Bg7 4. e3 O-O 5. h3 d6 6. Be2 Nc6 7. O-O Ne4 8. c3 e5
9. Bh2 Qe7 10. Nbd2 Nxd2 11. Nxd2 a5 12. a4 f5 13. dxe5 dxe5 14. e4 f4 15. Bg4
Bxg4 16. Qxg4 Nd8 17. Qe2 h5 18. Rfd1 Ne6 19. f3 g5 20. Kf1 Rf6 21. Bg1 Rg6 22.
Qb5 c6 23. Qb6 g4 24. hxg4 hxg4 25. Bf2 Bf8 26. Nc4 Qg7 27. Nd6 Bxd6 28. Rxd6
Re8 29. Rd3 Qh7 30. Rad1 Qh1+ 31. Ke2 Qxg2 32. Rg1 Qh2 33. fxg4 Rf8 34. Qxa5 f3+
35. Ke1 Nf4 36. Rd8 Qh6 37. g5 Qg7 38. Rg3 Kh7 39. Rxf8 Qxf8 40. Rxf3 Qd6 41.
Be3 Nd3+ 42. Kf1 Qd7 43. Qa8 Nf4 44. Bxf4 exf4 45. Rxf4 Qd1+ 46. Kf2 Qd2+ 47.
Kf3 Qd1+ 48. Kf2 Qd2+ 49. Kf3 Qd1+ 50. Kf2 Qd2+ 1/2-1/2

[Event "Bundesliga 2021-22"]
[Site "Deizisau GER"]
[Date "2022.05.15"]
[Round "8.1"]
[Board "5"]
[White "Gustafsson, Jan"]
[Black "Zeller, Frank"]
[Result "1-0"]
[WhiteTitle "GM"]
[BlackTitle "IM"]
[WhiteElo "2643"]
[BlackElo "2361"]
[WhiteTeam "OSG Baden-Baden"]
[BlackTeam "BCA Augsburg"]
[WhiteFideId "4625498"]
[BlackFideId "4613007"]
[EventDate "2022.03.05"]

1. d4 Nf6 2. c4 c5 3. d5 e6 4. Nc3 exd5 5. cxd5 d6 6. e4 g6 7. Nge2 a6 8. a4
Nbd7 9. Ng3 h5 10. Be2 Bg7 11. Bg5 Qa5 12. O-O h4 13. Nh1 Qb4 14. Qc2 Ne5 15. f3
c4 16. Nf2 Qc5 17. Nd1 Bd7 18. Be3 Qb4 19. Nc3 O-O 20. a5 Rfe8 21. Rfb1 Nh5 22.
Ra3 Rac8 23. Na2 Qb5 24. Nd1 1-0

[Event "Bundesliga 2021-22"]
[Site "Deizisau GER"]
[Date "2022.05.15"]
[Round "8.1"]
[Board "6"]
[White "Rupprecht, Andreas"]
[Black "Bacrot, Etienne"]
[Result "0-1"]
[WhiteTitle "IM"]
[BlackTitle "GM"]
[WhiteElo "2389"]
[BlackElo "2635"]
[WhiteTeam "BCA Augsburg"]
[BlackTeam "OSG Baden-Baden"]
[WhiteFideId "4693019"]
[BlackFideId "605506"]
[EventDate "2022.03.05"]

1. e4 c6 2. d4 d5 3. exd5 cxd5 4. Bd3 Nc6 5. c3 Qc7 6. Na3 a6 7. Nc2 Nf6 8. h3
e6 9. Qe2 b6 10. Nf3 Bd6 11. O-O Bb7 12. Re1 O-O 13. Ne5 Ne4 14. f3 Nc5 15. dxc5
Bxe5 16. cxb6 Qxb6+ 17. Be3 Qc7 18. Kh1 Bd6 19. Nd4 Na5 20. Qc2 g6 21. Bh6 Rfe8
22. Qc1 Nc6 23. Bf1 Be5 24. Qe3 Bh8 25. Bf4 e5 26. Nxc6 Qxc6 27. Bh2 Bf6 28. Bg3
Re6 29. Rad1 Rae8 30. Qd2 Qa4 31. a3 h5 32. Qc1 Bg7 33. Qg5 Kh7 34. Qe3 Qb3 35.
Bd3 f5 36. Qe2 Qb6 37. Qc2 Bc6 38. Bf2 Qb7 39. Bf1 Bh6 40. Bg3 e4 41. fxe4 dxe4
42. Bc4 Rf6 43. Bh4 g5 44. Bf2 f4 45. Bd4 Rf5 46. Kg1 g4 47. hxg4 hxg4 48. Re2
Kg6 49. Rde1 Bg5 50. Kf1 Re7 51. Qb3 Qxb3 52. Bxb3 e3 53. Bc2 Be4 54. Bxe4 Rxe4 0-1

[Event "Bundesliga 2021-22"]
[Site "Deizisau GER"]
[Date "2022.05.15"]
[Round "8.1"]
[Board "7"]
[White "Meier, Georg"]
[Black "Fauth, Dietmar"]
[Result "1-0"]
[WhiteTitle "GM"]
[WhiteElo "2631"]
[BlackElo "2188"]
[WhiteTeam "OSG Baden-Baden"]
[BlackTeam "BCA Augsburg"]
[WhiteFideId "4675789"]
[BlackFideId "4629795"]
[EventDate "2022.03.05"]

1. Nf3 d5 2. g3 Nf6 3. Bg2 e6 4. c4 Be7 5. d4 O-O 6. Nc3 dxc4 7. Ne5 Nc6 8. Bxc6
bxc6 9. Nxc6 Qe8 10. Nxe7+ Qxe7 11. Qa4 c5 12. dxc5 Qxc5 13. Be3 Qh5 14. Qxc4 a5
15. Qh4 Qxh4 16. gxh4 Ng4 17. Bc5 Re8 18. Rg1 f5 19. f3 Nf6 20. Nb5 Rb8 21. Nc7 1-0

[Event "Bundesliga 2021-22"]
[Site "Deizisau GER"]
[Date "2022.05.15"]
[Round "8.1"]
[Board "8"]
[White "Mueller, Werner1"]
[Black "Movsesian, Sergei"]
[Result "0-1"]
[WhiteTitle "FM"]
[BlackTitle "GM"]
[WhiteElo "2062"]
[BlackElo "2609"]
[WhiteTeam "BCA Augsburg"]
[BlackTeam "OSG Baden-Baden"]
[WhiteFideId "4603036"]
[BlackFideId "310204"]
[EventDate "2022.03.05"]

1. Nf3 d5 2. g3 Nd7 3. Bg2 e5 4. d3 Ngf6 5. O-O Bd6 6. Nbd2 O-O 7. e4 c6 8. c3
Re8 9. Qc2 b6 10. b3 Ba6 11. Re1 Qc7 12. Bb2 Nc5 13. c4 d4 14. Nh4 Bc8 15. Rf1
a5 16. a3 Ne6 17. Ndf3 g6 18. Bc1 Nh5 19. Ng5 Neg7 20. Ngf3 Qe7 21. Ne1 Bd7 22.
Nhf3 Rec8 23. a4 Ne6 24. Kh1 Nc5 25. Qd1 b5 26. Nh4 bxa4 27. bxa4 Ng7 28. Nhf3
Rcb8 29. Nd2 Nge6 30. Bh3 Rb7 31. Qc2 Rab8 32. Ng2 Nxd3 33. Qxd3 Nc5 0-1

[Event "Bundesliga 2021-22"]
[Site "Deizisau GER"]
[Date "2022.05.15"]
[Round "8.2"]
[Board "1"]
[White "Keymer, Vincent"]
[Black "Nisipeanu, Liviu-Dieter"]
[Result "1/2-1/2"]
[WhiteTitle "GM"]
[BlackTitle "GM"]
[WhiteElo "2655"]
[BlackElo "2652"]
[WhiteTeam "Schachfreunde Deizisau"]
[BlackTeam "USV TU Dresden"]
[WhiteFideId "12940690"]
[BlackFideId "1202758"]
[EventDate "2022.03.05"]

1. d4 Nf6 2. c4 e6 3. Nf3 b6 4. g3 Bb4+ 5. Bd2 Bxd2+ 6. Qxd2 Ba6 7. b3 O-O 8.
Bg2 d5 9. O-O Nbd7 10. Ne5 c5 11. Nxd7 Qxd7 12. dxc5 bxc5 13. Rd1 Bb7 14. Qa5
Rfc8 15. e3 Qe7 16. Nd2 Qc7 17. Qxc7 Rxc7 18. Rac1 a5 19. Nb1 a4 20. bxa4 Rxa4
21. cxd5 exd5 22. Nc3 Ra5 23. Nxd5 Bxd5 24. Bxd5 Nxd5 25. Rxd5 g6 26. Rc2 h5 27.
h4 Rca7 28. Rdd2 Ra3 29. Kg2 Kg7 30. Kf3 R7a4 31. Rb2 c4 32. Rbc2 c3 33. Re2 Kf6
34. Re1 Rb4 35. Rec1 Rb2 36. Rxc3 Rxc3 37. Rxc3 Rxa2 38. e4 Rb2 39. Ra3 Rc2 40.
Ke3 Rb2 41. Ra7 Rb3+ 42. Kf4 Rb4 43. f3 Rc4 44. Rd7 Ra4 45. Ke3 Ra3+ 46. Rd3 Ra1
47. Rd6+ Kg7 48. Rd4 Ra3+ 49. Kf4 Rb3 50. e5 Ra3 51. Ke4 Rb3 52. Rd7 Rb1 53. f4
Re1+ 54. Kf3 Kf8 55. Rd6 Kg7 56. Ra6 Kf8 57. Rf6 Kg7 58. Rd6 Kf8 59. Rd7 Kg8 60.
Rd3 Kf8 61. Rd6 Kg7 62. Kf2 Ra1 63. f5 Ra2+ 64. Ke3 Ra3+ 65. Kf4 Ra4+ 66. Kf3
Ra3+ 67. Kf2 Ra2+ 68. Ke3 Ra3+ 69. Rd3 Rxd3+ 70. Kxd3 gxf5 71. Ke3 Kh7 72. Kd4
Kg6 73. Kd3 Kg7 74. Kc4 Kf8 75. Kd4 1/2-1/2

[Event "Bundesliga 2021-22"]
[Site "Deizisau GER"]
[Date "2022.05.15"]
[Round "8.2"]
[Board "2"]
[White "Pechac, Jergus"]
[Black "Bluebaum, Matthias"]
[Result "1/2-1/2"]
[WhiteTitle "GM"]
[BlackTitle "GM"]
[WhiteElo "2599"]
[BlackElo "2642"]
[WhiteTeam "USV TU Dresden"]
[BlackTeam "Schachfreunde Deizisau"]
[WhiteFideId "14926970"]
[BlackFideId "24651516"]
[EventDate "2022.03.05"]

1. d4 Nf6 2. c4 e6 3. Nc3 Bb4 4. e3 O-O 5. Bd3 d5 6. Nf3 dxc4 7. Bxc4 c5 8. O-O
a6 9. a3 Bxc3 10. bxc3 b5 11. Bd3 Bb7 12. c4 bxc4 13. Bxc4 cxd4 14. Nxd4 Bd5 15.
Be2 Nbd7 16. a4 Qb6 17. a5 Qb7 18. f3 Rfc8 19. Qa4 Ne5 20. Ba3 Nc4 21. Rfb1 Qa7
22. Bxc4 Rxc4 23. Qd1 Rac8 24. Kh1 h6 25. Qe1 Ba8 26. Qg3 Nd5 27. Bb2 Qc7 28. e4
Qxg3 29. hxg3 Ne3 30. Ra3 Nc2 1/2-1/2

[Event "Bundesliga 2021-22"]
[Site "Deizisau GER"]
[Date "2022.05.15"]
[Round "8.2"]
[Board "3"]
[White "Kamsky, Gata"]
[Black "Vogel, Roven"]
[Result "1/2-1/2"]
[WhiteTitle "GM"]
[BlackTitle "IM"]
[WhiteElo "2658"]
[BlackElo "2447"]
[WhiteTeam "Schachfreunde Deizisau"]
[BlackTeam "USV TU Dresden"]
[WhiteFideId "2000024"]
[BlackFideId "12908088"]
[EventDate "2022.03.05"]

1. e4 e5 2. Nf3 Nc6 3. Bb5 a6 4. Ba4 Nf6 5. O-O Be7 6. Re1 b5 7. Bb3 O-O 8. d4
Nxd4 9. Nxd4 exd4 10. e5 Ne8 11. c3 c5 12. Bd5 Rb8 13. cxd4 Nc7 14. Be4 cxd4 15.
Qxd4 d5 16. exd6 Qxd6 17. Be3 Be6 18. Nc3 b4 19. Qxd6 Bxd6 20. Na4 Rb5 21. b3
Nd5 22. Rad1 Be7 23. Bd4 Bf6 24. Bxd5 Rxd5 25. Bxf6 Rxd1 26. Rxd1 gxf6 27. Nc5 1/2-1/2

[Event "Bundesliga 2021-22"]
[Site "Deizisau GER"]
[Date "2022.05.15"]
[Round "8.2"]
[Board "4"]
[White "Druska, Juraj"]
[Black "Kollars, Dmitrij"]
[Result "1/2-1/2"]
[WhiteTitle "IM"]
[BlackTitle "GM"]
[WhiteElo "2503"]
[BlackElo "2635"]
[WhiteTeam "USV TU Dresden"]
[BlackTeam "Schachfreunde Deizisau"]
[WhiteFideId "14915650"]
[BlackFideId "12909572"]
[EventDate "2022.03.05"]

1. e4 e5 2. Nf3 Nc6 3. Nc3 Nf6 4. d4 exd4 5. Nxd4 Bb4 6. Nxc6 bxc6 7. Bd3 d5 8.
exd5 O-O 9. O-O cxd5 10. Bg5 Be6 11. Ne2 h6 12. Bh4 Rb8 13. Nf4 Bd6 14. Nxe6
fxe6 15. b3 Be5 16. Qe2 Bxa1 17. Qxe6+ Kh8 18. Rxa1 Qe8 19. Qa6 Qe5 20. Rf1 Ne4
21. Qxa7 c5 22. Bg3 Nxg3 23. hxg3 Qd4 24. a4 Ra8 25. Qd7 Rad8 26. Qc7 Rc8 27.
Qd6 Rf6 28. Qd7 Rcf8 29. Kh2 h5 30. f4 h4 31. gxh4 Rxf4 32. Rxf4 Qxf4+ 33. g3
Qf2+ 34. Kh3 Qf3 35. Qd6 Qh1+ 36. Kg4 Qf3+ 37. Kh3 Qh1+ 38. Kg4 Qf3+ 1/2-1/2

[Event "Bundesliga 2021-22"]
[Site "Deizisau GER"]
[Date "2022.05.15"]
[Round "8.2"]
[Board "5"]
[White "Heimann, Andreas"]
[Black "Boensch, Uwe"]
[Result "1-0"]
[WhiteTitle "GM"]
[BlackTitle "GM"]
[WhiteElo "2581"]
[BlackElo "2494"]
[WhiteTeam "Schachfreunde Deizisau"]
[BlackTeam "USV TU Dresden"]
[WhiteFideId "24624632"]
[BlackFideId "4611268"]
[EventDate "2022.03.05"]

1. e4 c5 2. Nf3 Nc6 3. d4 cxd4 4. Nxd4 e5 5. Nb5 d6 6. N1c3 a6 7. Na3 Be6 8. Nc4
Rb8 9. Nd5 Bxd5 10. exd5 Nce7 11. g3 Nf6 12. Bg2 g6 13. O-O Bg7 14. a4 O-O 15.
a5 e4 16. Bg5 Re8 17. Bxf6 Bxf6 18. Bxe4 Nc8 19. Bg2 b5 20. axb6 Nxb6 21. Na5
Bxb2 22. Nc6 Qf6 23. Rxa6 Rb7 24. Re1 Rxe1+ 25. Qxe1 Bd4 26. Nxd4 Qxd4 27. c3
Qc4 28. Bf1 Qc8 29. c4 Rb8 30. Qa1 Ra8 31. Rxa8 Qxa8 32. Qf6 Qf8 33. c5 Nd7 34.
Qxd6 Nxc5 35. Qc7 Ne4 36. Bd3 Nd6 37. Kg2 Ne8 38. Qd7 Nf6 39. Qc6 Ne8 40. Qc8
Nd6 41. Qc7 Ne8 42. Qe5 Nd6 43. h4 h5 44. Qf6 Ne8 45. Qd8 Kg7 46. Bb5 Nd6 47.
Qxf8+ Kxf8 48. Bd3 Ke7 49. Kf3 f5 50. Ke3 Ne8 51. Be2 Nd6 52. f3 Nf7 53. Bb5 Nd6
54. Ba4 Nf7 55. Kd4 Nd6 56. Bc2 Kf6 57. Kc5 Ke7 58. Bd3 Nf7 59. Be2 Nd6 60. Kc6
Nf7 61. Bd1 Nd6 62. Ba4 Ne8 63. Kb6 Nd6 64. Kc7 Nf7 65. Bb5 Nd6 66. Bd7 Nc4 67.
Be6 Nd6 68. Kc6 Nc4 69. Bg8 Kf8 70. Bh7 Ne5+ 71. Kc7 Kg7 72. d6 f4 73. gxf4 Nf7
74. d7 Kxh7 75. d8=Q Nxd8 76. Kxd8 1-0

[Event "Bundesliga 2021-22"]
[Site "Deizisau GER"]
[Date "2022.05.15"]
[Round "8.2"]
[Board "6"]
[White "Maiwald, Jens-Uwe"]
[Black "Zilka, Stepan"]
[Result "1/2-1/2"]
[WhiteTitle "GM"]
[BlackTitle "GM"]
[WhiteElo "2426"]
[BlackElo "2606"]
[WhiteTeam "USV TU Dresden"]
[BlackTeam "Schachfreunde Deizisau"]
[WhiteFideId "4612396"]
[BlackFideId "315303"]
[EventDate "2022.03.05"]

1. e4 e5 2. Nf3 Nc6 3. Bb5 Nf6 4. d3 Bc5 5. c3 d5 6. Nbd2 dxe4 7. dxe4 O-O 8.
O-O Qe7 9. Qc2 a5 10. a4 Na7 11. Be2 Nc6 12. Nb3 Bb6 13. Bg5 Nd8 14. Bh4 c6 15.
Nbd2 Bc7 16. Nc4 Ne6 17. Bg3 Nf4 18. Bxf4 exf4 19. e5 Nd5 20. Rfe1 Nb6 21. Nxb6
Bxb6 22. Qe4 Be6 23. Qxf4 Rad8 24. Rad1 Rxd1 25. Bxd1 h6 26. Bc2 Rd8 27. h4 Bd5
28. Be4 Bxe4 29. Qxe4 Qe6 30. h5 Qd5 31. Qxd5 Rxd5 32. g4 Kf8 33. e6 Bd8 34.
exf7 Bf6 35. Re8+ Kxf7 36. Rb8 b5 37. axb5 Rxb5 38. Ra8 Rxb2 39. Rxa5 Bxc3 40.
Rc5 Bf6 41. Rxc6 Rb4 42. Nh2 Be5 43. Rg6 Bxh2+ 44. Kxh2 Rb3 1/2-1/2

[Event "Bundesliga 2021-22"]
[Site "Deizisau GER"]
[Date "2022.05.15"]
[Round "8.2"]
[Board "7"]
[White "Dautov, Rustem"]
[Black "Loxine, Jakov"]
[Result "1-0"]
[WhiteTitle "GM"]
[BlackTitle "IM"]
[WhiteElo "2596"]
[BlackElo "2390"]
[WhiteTeam "Schachfreunde Deizisau"]
[BlackTeam "USV TU Dresden"]
[WhiteFideId "4623606"]
[BlackFideId "4173031"]
[EventDate "2022.03.05"]

1. d4 Nf6 2. Nf3 g6 3. c4 Bg7 4. g3 O-O 5. Bg2 d6 6. Nc3 Nbd7 7. O-O e5 8. h3
Re8 9. e4 exd4 10. Nxd4 Nc5 11. Re1 Bd7 12. Rb1 a5 13. Bf4 h6 14. Kh2 a4 15. b4
axb3 16. axb3 h5 17. Qd2 Nh7 18. Be3 h4 19. g4 g5 20. b4 Ne6 21. Nd5 Be5+ 22.
Kg1 c6 23. Nb6 Nxd4 24. Bxd4 Ra2 25. Qxa2 Bxd4 26. Nxd7 Qxd7 27. Rbd1 Be5 28. c5
Qe7 29. cxd6 Bxd6 30. e5 Bxb4 31. Re4 Nf8 32. Qb1 Bc5 33. Ree1 Ne6 34. Qf5 Ng7
35. Qe4 Ne6 36. Bf1 Nf4 37. Bd3 Nxd3 38. Rxd3 Qe6 39. Kg2 Be7 40. Qf5 b5 41. Rd7
c5 42. Ra1 b4 43. Raa7 Qxf5 44. gxf5 Bf8 45. e6 fxe6 46. f6 Rb8 47. Kf3 c4 48.
Kg4 c3 49. Kh5 b3 50. Kg6 b2 51. Rab7 b1=Q+ 52. Rxb1 Rxb1 53. f7+ Kh8 54. Rd8 1-0

[Event "Bundesliga 2021-22"]
[Site "Deizisau GER"]
[Date "2022.05.15"]
[Round "8.2"]
[Board "8"]
[White "Richter, Philipp"]
[Black "Koellner, Ruben Gideon"]
[Result "0-1"]
[BlackTitle "IM"]
[WhiteElo "2225"]
[BlackElo "2454"]
[WhiteTeam "USV TU Dresden"]
[BlackTeam "Schachfreunde Deizisau"]
[WhiteFideId "16219929"]
[BlackFideId "12993093"]
[EventDate "2022.03.05"]

1. d4 d6 2. e4 Nf6 3. f3 c5 4. d5 e6 5. c4 exd5 6. cxd5 g6 7. Nc3 Bg7 8. Nge2 a6
9. a4 Nbd7 10. Ng3 h5 11. Be2 h4 12. Nf1 Nh7 13. Be3 O-O 14. g4 f5 15. gxf5 gxf5
16. exf5 Ne5 17. Nd2 Bxf5 18. Nde4 Qe7 19. Qd2 b5 20. axb5 axb5 21. Rxa8 Rxa8
22. O-O b4 23. Nd1 Nxf3+ 24. Bxf3 Bxe4 25. Bg4 Rf8 26. Be6+ Kh8 27. Qe2 Rxf1+
28. Qxf1 Be5 29. Qh3 Qg7+ 30. Kf1 Qf6+ 31. Nf2 Bxb2 32. Qg4 Bg6 33. Ke2 Qg7 34.
Qxh4 Bf6 35. Qg3 b3 36. Nd3 c4 37. Nf4 Be4 38. Qxg7+ Bxg7 39. Nh5 Be5 40. Ng3
Bd3+ 0-1

[Event "Bundesliga 2021-22"]
[Site "Muelheim GER"]
[Date "2022.05.15"]
[Round "8.3"]
[Board "1"]
[White "Niemann, Hans Moke"]
[Black "Areshchenko, Alexander"]
[Result "1-0"]
[WhiteTitle "GM"]
[BlackTitle "GM"]
[WhiteElo "2642"]
[BlackElo "2670"]
[WhiteTeam "SK Doppelbauer Turm Kiel"]
[BlackTeam "SV Werder Bremen"]
[WhiteFideId "2093596"]
[BlackFideId "14109530"]
[EventDate "2022.03.05"]

1. e4 c5 2. Nf3 d6 3. Bb5+ Nd7 4. O-O a6 5. Bd3 Ngf6 6. Re1 e6 7. Bf1 b5 8. a4
Bb7 9. d4 cxd4 10. axb5 axb5 11. Rxa8 Qxa8 12. Nxd4 b4 13. Nb5 Qb8 14. Bf4 e5
15. Bd2 Bc6 16. Qe2 Nxe4 17. Bxb4 Be7 18. N1c3 Nxc3 19. bxc3 O-O 20. Nd4 exd4
21. Qxe7 dxc3 22. Bxd6 Qa8 23. Bc4 h6 24. Qe3 Qa4 25. Qf4 Qxc2 26. Bxf8 Qg6 27.
Qg3 Nxf8 28. Qxg6 Nxg6 29. Rc1 Nf4 30. f3 Nd5 31. Bxd5 Bxd5 32. Rxc3 g5 33. Kf2
Kg7 34. Ke3 Kf6 35. Kd4 Be6 36. Rc5 Bb3 37. Ke4 Be6 38. Rc6 Ke7 39. Ke5 f6+ 40.
Kd4 h5 41. Rc7+ Kd8 42. Rh7 h4 43. f4 1-0